[Event "Arco op 33rd"]
[Site "Arco"]
[Date "2011.10.27"]
[Round "6"]
[White "Pistone, Salvatore"]
[Black "Buck, Klaus Michael"]
[Result "1-0"]
[WhiteElo "1671"]
[BlackElo "1813"]
[PlyCount "139"]
[EventDate "2011.10.22"]
[EventType "swiss"]
[EventRounds "9"]
[EventCountry "ITA"]
[SourceTitle "EXT 2012"]
[Source "ChessBase"]
[SourceDate "2011.11.24"]
[SourceVersion "1"]
[SourceVersionDate "2011.11.24"]
[SourceQuality "1"]

1. c4 c6 2. d4 Nf6 3. Nc3 e6 4. e4 d5 5. cxd5 exd5 6. e5 Ne4 7. Nf3 Bb4 8. Bd2 Bxc3 9. bxc3 Bg4 10. Be2 0-0 11. 0-0 h6 12. Re1 Nxd2 13. Qxd2 Nd7 14. Qe3 Nb6 15. Nd2 Be6 16. a4 Qd7 17. Reb1 Nc8 18. Rb2 Ne7 19. Nb3 b6 20. Rba2 a5 21. Bd3 Bf5 22. Rd1 Bxd3 23. Qxd3 Rad8 24. Qc2 Qg4 25. f3 Qg5 26. Qf2 Nf5 27. Rc2 Rfe8 28. Re1 Re6 29. Nd2 Rde8 30. Nf1 h5 31. f4 Qh4 32. Qxh4 Nxh4 33. Ng3 Rg6 34. f5 Rxg3 35. hxg3 Nxf5 36. Kf2 Re6 37. Rd2 Ne7 38. Rd3 g6 39. Rf3 c5 40. Rf6 cxd4 41. Rxe6 fxe6 42. cxd4 Nc6 43. Ke3 Nb4 44. Re2 Kg7 45. Rb2 Kh6 46. Rf2 Nc6 47. Rf7 Kg5 48. Rb7 Kg4 49. Rxb6 Nd8 50. Kf2 Kf5 51. Kf3 Nf7 52. Rb5 Ng5+ 53. Ke3 Kg4 54. Rxa5 Kxg3 55. Rb5 Ne4 56. Rb2 Nc3 57. Rb4 Na2 58. Rb8 g5 59. a5 Nc3 60. a6 Kxg2 61. a7 Nd1+ 62. Kd2 Nf2 63. a8Q Ne4+ 64. Ke3 g4 65. Rb2+ Kh3 66. Qh8 h4 67. Qf8 Ng3 68. Qf2 Nf5+ 69. Kf4 g3 70. Qg2# 1-0

[Event "Arco op 33rd"]
[Site "Arco"]
[Date "2011.10.26"]
[Round "5"]
[White "Ledent, Philippe"]
[Black "Pistone, Salvatore"]
[Result "1-0"]
[WhiteElo "1887"]
[BlackElo "1671"]
[PlyCount "139"]
[EventDate "2011.10.22"]
[EventType "swiss"]
[EventRounds "9"]
[EventCountry "ITA"]
[SourceTitle "EXT 2012"]
[Source "ChessBase"]
[SourceDate "2011.11.24"]
[SourceVersion "1"]
[SourceVersionDate "2011.11.24"]
[SourceQuality "1"]

1. d4 Nf6 2. c4 e6 3. Nc3 Bb4 4. Qc2 d5 5. cxd5 exd5 6. Bg5 Nc6 7. e3 0-0 8. Bd3 h6 9. Bh4 Re8 10. h3 Nxd4 11. Qa4 c5 12. Bxf6 gxf6 13. a3 Bd7 14. Qd1 Bxc3+ 15. bxc3 Nf5 16. Qh5 Re5 17. Nf3 Qe7 18. Nxe5 Qxe5 19. 0-0 Ng7 20. Qxh6 Bf5 21. Bxf5 Qxf5 22. Qf4 Qe5 23. Rac1 b6 24. Rfd1 Qxf4 25. exf4 Rd8 26. Rd3 Ne6 27. g3 d4 28. Rcd1 c4 29. R3d2 d3 30. Rb2 Rd5 31. a4 Nc7 32. Rb4 Rc5 33. Kf1 Nd5 34. Rc1 Nxb4 35. cxb4 Rc7 36. Rc3 a6 37. b5 axb5 38. axb5 Rc5 39. Ke1 Rxb5 40. Rxc4 Rc5 41. Rd4 Rc3 42. Kd2 Rc2+ 43. Ke3 Re2+ 44. Kxd3 Rxf2 45. Re4 Ra2 46. Re3 b5 47. Kd4 Ra4+ 48. Kc5 Ra8 49. Kxb5 Kg7 50. Kc6 Rd8 51. Kc5 Kg6 52. Kc4 f5 53. Rd3 Re8 54. Kd4 Rh8 55. h4 Re8 56. Re3 Rd8+ 57. Kc3 Rd7 58. Rd3 Re7 59. Kd2 f6 60. Re3 Rg7 61. Ke2 Kh5 62. Kf3 Kg6 63. Re8 Kh7 64. Rf8 Rg6 65. Rf7+ Kg8 66. Ra7 Rg7 67. Rxg7+ Kxg7 68. g4 fxg4+ 69. Kxg4 Kh6 70. Kf5 1-0

[Event "Arco op 32nd"]
[Site "Arco"]
[Date "2010.10.21"]
[Round "6"]
[White "Pistone, Salvatore"]
[Black "Mircoli, Filippo"]
[Result "1/2-1/2"]
[WhiteElo "1725"]
[BlackElo "1699"]
[PlyCount "110"]
[EventDate "2010.10.16"]
[EventType "swiss"]
[EventRounds "9"]
[EventCountry "ITA"]
[SourceTitle "EXT 2024"]
[Source "ChessBase"]
[SourceDate "2023.10.10"]
[SourceVersion "1"]
[SourceVersionDate "2023.10.10"]
[SourceQuality "1"]

1. c4 e6 2. d4 Nf6 3. Nc3 Bb4 4. Nf3 d5 5. a3 Bxc3+ 6. bxc3 0-0 7. e3 c5 8. cxd5 exd5 9. c4 Bg4 10. cxd5 Qxd5 11. Be2 Nc6 12. 0-0 Rad8 13. Bb2 cxd4 14. Nxd4 Bxe2 15. Nxe2 Qa5 16. Nd4 Rfe8 17. Qb3 Ne5 18. Rac1 Ng6 19. Rc2 Rc8 20. Rxc8 Rxc8 21. Qxb7 Qd8 22. Qxa7 Ne4 23. Qa4 Qg5 24. Nf3 Qg4 25. Qd4 Nf6 26. Qxg4 Nxg4 27. h3 Nh6 28. Ne5 Ne7 29. Rd1 f6 30. Nd3 Nf7 31. Bd4 Nc6 32. Nb4 Nfe5 33. Nxc6 Rxc6 34. Bxe5 fxe5 35. a4 Kf7 36. Kf1 Ke6 37. Ke2 Rc2+ 38. Rd2 Rc1 39. Ra2 Kd6 40. a5 Rc7 41. a6 Ra7 42. Kd3 g6 43. Ra4 h6 44. Ke4 h5 45. f4 exf4 46. exf4 Ke6 47. g4 hxg4 48. hxg4 Kd6 49. Ra5 Ke6 50. f5+ gxf5+ 51. gxf5+ Kf6 52. Kd5 Kxf5 53. Kc6+ Ke6 54. Kb6 Ra8 55. Rc5 Kd6 1/2-1/2

[Event "Arco op 31st"]
[Site "Arco"]
[Date "2009.10.24"]
[Round "8"]
[White "De Polzer, Manfredi"]
[Black "Pistone, Salvatore"]
[Result "1/2-1/2"]
[WhiteElo "1812"]
[BlackElo "1864"]
[PlyCount "51"]
[EventDate "2009.10.17"]
[EventType "swiss"]
[EventRounds "9"]
[EventCountry "ITA"]
[SourceTitle "EXT 2010"]
[Source "ChessBase"]
[SourceDate "2010.11.25"]
[SourceVersion "1"]
[SourceVersionDate "2010.11.25"]
[SourceQuality "1"]

1. e4 c5 2. Nc3 Nc6 3. Nf3 d6 4. d4 cxd4 5. Nxd4 Nf6 6. Be2 Bd7 7. Be3 a6 8. Qd2 Rc8 9. 0-0 e5 10. Nb3 b5 11. f3 Be7 12. Rad1 Na5 13. Nxa5 Qxa5 14. a3 Qc7 15. Kh1 0-0 16. Bg5 Be6 17. Bxf6 Bxf6 18. Qxd6 Qc6 19. Qxc6 Rxc6 20. g3 Be7 21. Rd3 Bc4 22. Rd2 Bxe2 23. Nxe2 Rfc8 24. Rfd1 Rxc2 25. Nc3 Rxd2 26. Rxd2 1/2-1/2

[Event "Arco op 31st"]
[Site "Arco"]
[Date "2009.10.18"]
[Round "2"]
[White "Tovazzi, Maurizio"]
[Black "Pistone, Salvatore"]
[Result "1-0"]
[WhiteElo "1643"]
[BlackElo "1864"]
[PlyCount "73"]
[EventDate "2009.10.17"]
[EventType "swiss"]
[EventRounds "9"]
[EventCountry "ITA"]
[SourceTitle "EXT 2010"]
[Source "ChessBase"]
[SourceDate "2010.11.25"]
[SourceVersion "1"]
[SourceVersionDate "2010.11.25"]
[SourceQuality "1"]

1. d4 d5 2. Nf3 Nf6 3. e3 e6 4. c4 c5 5. Nc3 Nc6 6. Qc2 Be7 7. a3 0-0 8. cxd5 exd5 9. Be2 Bg4 10. 0-0 c4 11. h3 Bh5 12. Nh4 Bxe2 13. Qxe2 Qd7 14. Nf3 a6 15. Nh2 Bd6 16. Ng4 Nxg4 17. Qxg4 Qxg4 18. hxg4 f5 19. Nxd5 b5 20. gxf5 Rxf5 21. Nc3 Rh5 22. g3 Rf8 23. f4 Na5 24. Kg2 Nb3 25. Rb1 g5 26. Ne4 Be7 27. Nd2 Nxc1 28. Rbxc1 gxf4 29. gxf4 Rf7 30. Rg1 Rg7+ 31. Kf3 Rh2 32. Rxg7+ Kxg7 33. Rg1+ Kf7 34. Rg2 Rh1 35. Ne4 h6 36. d5 Rd1 37. Nc3 1-0